000 00287nam a22001337a 4500
008 170601b xxu||||| |||| 00| 0 eng d
020 _a9781565492608
041 _aeng
080 _a94
100 _a17
101 _aSHH
245 _aHUMANITARIRISM
_cRUTHERFORD.K.R
942 _2udc
_cBK
999 _c15436
_d15436